Flags of Italian Cities Quiz - Statistics

General Stats
  • This quiz has been taken 67 times
  • The average score is 9 of 16
Answer Stats
Picture Answer % Correct
Rome
95%
Venice
78%
Milan
72%
Turin
71%
Florence
67%
Genoa
62%
Naples
57%
Palermo
53%
Verona
48%
Trieste
45%
Bari
40%
Cagliari
40%
Messina
36%
Catania
34%
Parma
31%
Brescia
29%
No matching quizzes found
Score Distribution
Percent of People with Each Score
Percentile by Number Answered
Your Score History
You have not taken this quiz